Papeles del oficio universitario.
Wedi'i Gadw mewn:
| Prif Awdur: | |
|---|---|
| Fformat: | Llyfr |
| Cyhoeddwyd: |
Madrid, España:
Ediciones Rialp,
1961.
|
| Cyfres: | Biblioteca del Pensamiento Actual,
|
| Pynciau: | |
| Tagiau: |
Ychwanegu Tag
Dim Tagiau, Byddwch y cyntaf i dagio'r cofnod hwn!
|
MARC
| LEADER | 00000nam a22000007a 4500 | ||
|---|---|---|---|
| 003 | CL-VaPUC | ||
| 005 | 20221114163159.0 | ||
| 008 | 220707t1961 ||||| |||| 00| 0 eng d | ||
| 999 | |c 436774 |d 436772 | ||
| 040 | |c Pontificia Universidad Católica de Valparaíso | ||
| 082 | 7 | |a 378.46 ORS 1961 |2 22 | |
| 100 | |a Ors, Álvaro d' |e autor |9 878430 | ||
| 245 | |a Papeles del oficio universitario. | ||
| 260 | |a Madrid, España: |b Ediciones Rialp, |c 1961. | ||
| 300 | |a 356 páginas. | ||
| 490 | |a Biblioteca del Pensamiento Actual, |n 105. | ||
| 500 | |a c.1 Donación Familia Prof. Alejandro Guzmán Brito. | ||
| 583 | |a last modification |c 19950614 00:00:00 |k Cristina María Rojas Aguilar | ||
| 650 | |a Educación Superior |z España |9 872351 | ||
| 942 | |c BK |2 ddc |n 0 | ||
| 952 | |0 0 |1 0 |2 ddc |4 0 |6 378_460000000000000_ORS_1961 |7 0 |8 C_AGB |9 584490 |a BIBDER |b BIBDER |d 2022-07-07 |e Donación |i 5652575 |l 2 |o 378.46 ORS 1961 |p 5652575 |r 2023-08-25 |s 2023-08-25 |t 1 |w 2022-07-07 |y BK_US |k AGB | ||